000 00806nam a2200241Ia 4500
003 OSt
005 20221005111921.0
006 a|||||r|||| 00| 0
007 ta
008 221004b |||||||| |||| 00| 0 san d
024 _a1805
037 _cTextual
040 _aCRL
_cCRL
_bsan
041 _2san
_asan
082 _aR631x2,1,2, 15L0
100 _aईश्वर कृष्ण
245 0 _aसांख्य कारिका
246 _aSāankhya kārikā
260 _aवाराणसी
_bचौखम्बा संस्कृत सीरीज
_c1970
490 _aचौखम्बा संस्कृत ग्रन्थमाला; 296
942 _hR631x2,1,2, 15L0
_cTEXL
_2cc
999 _c1023289
_d1023289